000 00685cab a2200181 4500
001 L130531
008 050809n2005 000 0 eng u
035 _a(Sirsi) u130531
041 _aeng
100 _aWalker, Clive
245 4 _aThe Dick Whittington effect
260 _c2005
490 _aQS Week
_v(15) 3 August 2005, 12-13(2)
520 _aConsiders whether the current skills shortage in the construction industry will affect the building of the Olympic park and associated structures and what effect it will have beyond London as contractors move in from the rest of the country.
590 _aIKA160805
690 _aBUILT ENVIRONMENT-CONSTRUCTION MARKET
942 _n0
999 _c75682
_d75682